[Event "1st Abu Dhabi Super Blitz"]
[Site "chess.com INT"]
[Date "2020.04.15"]
[Round "5"]
[White "Korobov, Anton"]
[Black "Jones, Gawain C B"]
[Result "1-0"]
[WhiteTitle "GM"]
[BlackTitle "GM"]
[WhiteElo "2688"]
[BlackElo "2670"]
[WhiteFideId "14105730"]
[BlackFideId "409561"]
[EventDate "2020.04.15"]
[EventType "blitz"]

1. d4 Nf6 2. c4 g6 3. Nc3 Bg7 4. e4 d6 5. f3 O-O 6. Nge2 c5 7. d5 e6 8. Ng3 exd5
9. cxd5 Nh5 10. Nxh5 gxh5 11. Ne2 f5 12. Nf4 Qe7 13. Be2 Bd4 14. Qc2 fxe4 15.
fxe4 Na6 16. a3 Qe5 17. g3 Bg4 18. Bxg4 hxg4 19. Kd1 Nc7 20. Re1 Rae8 21. Bd2 b5
22. Rb1 Re7 23. b3 Rfe8 24. Qd3 a6 25. Kc2 Rc8 26. Qe2 c4 27. bxc4 Ne8 28. Qxg4+
Kh8 29. Qxc8 Rc7 30. Qe6 Rxc4+ 31. Kd1 Nf6 32. Qxe5 Bxe5 33. Rb4 Rc8 34. Nd3 Bc3
35. Rb3 Bd4 36. Bf4 Ng4 37. Bxd6 Ne3+ 38. Rxe3 Bxe3 39. e5 Rd8 40. Ke2 Bd4 41.
Kf3 Kg7 42. Ke4 Bg1 43. Rc3 Bxh2 44. Rc7+ Kg6 45. Nf4+ Kh6 46. Be7 Re8 47. Rc6+
Kg7 48. Bf6+ Kf7 49. Rc7+ Kg8 50. Rg7+ 1-0

[Event "1st Abu Dhabi Super Blitz"]
[Site "chess.com INT"]
[Date "2020.04.15"]
[Round "5"]
[White "Corrales Jimenez, Fidel"]
[Black "Grischuk, Alexander"]
[Result "0-1"]
[WhiteTitle "GM"]
[BlackTitle "GM"]
[WhiteElo "2532"]
[BlackElo "2777"]
[WhiteFideId "3506690"]
[BlackFideId "4126025"]
[EventDate "2020.04.15"]
[EventType "blitz"]

1. e4 c5 2. Nf3 d6 3. d4 cxd4 4. Nxd4 Nf6 5. Nc3 a6 6. Be3 e6 7. f3 b5 8. Qd2
Nbd7 9. g4 Bb7 10. g5 Nh5 11. O-O-O Rc8 12. Nce2 Ne5 13. Ng3 Nxg3 14. hxg3 g6
15. Kb1 Bg7 16. Rh2 d5 17. f4 Nc4 18. Bxc4 dxc4 19. e5 c3 20. bxc3 Bd5 21. g4
Qa5 22. Nb3 Qxc3 23. Qf2 a5 24. Rd3 Qc4 25. Rd4 Qc7 26. Rxd5 exd5 27. Nd4 Qc4
28. Bc1 a4 29. Qe3 Qb4+ 30. Bb2 a3 31. Qxa3 Qxa3 32. Bxa3 Rc4 33. Rd2 b4 34. Bb2
O-O 35. Re2 Re8 36. Kc1 h6 37. gxh6 Bxh6 38. g5 Bf8 39. Kd2 Bc5 40. Kd3 Bxd4 41.
Bxd4 Ra8 42. e6 Ra3+ 43. c3 fxe6 44. Rxe6 bxc3 45. Rxg6+ Kf7 46. Rg7+ Kf8 47.
Be5 c2+ 48. Ke2 c1=Q 0-1

[Event "1st Abu Dhabi Super Blitz"]
[Site "chess.com INT"]
[Date "2020.04.15"]
[Round "5"]
[White "Nepomniachtchi, Ian"]
[Black "Tabatabaei, M.amin"]
[Result "1/2-1/2"]
[WhiteTitle "GM"]
[BlackTitle "GM"]
[WhiteElo "2784"]
[BlackElo "2629"]
[WhiteFideId "4168119"]
[BlackFideId "12521213"]
[EventDate "2020.04.15"]
[EventType "blitz"]

1. e4 e5 2. Nf3 Nc6 3. Bb5 Nf6 4. O-O Nxe4 5. d4 Nd6 6. Bxc6 dxc6 7. dxe5 Nf5 8.
Qxd8+ Kxd8 9. Nc3 Ke8 10. h3 h5 11. Bf4 Be6 12. Ng5 Rh6 13. Rad1 h4 14. b3 Be7
15. Nce4 a5 16. a4 Rg6 17. Rfe1 Rd8 18. Rxd8+ Kxd8 19. Rd1+ Ke8 20. Nxe6 Rxe6
21. Ng5 Rg6 22. Nf3 c5 23. c4 Rb6 24. Rd3 Nd4 25. Nxd4 cxd4 26. Bd2 Bb4 27. Bxb4
Rxb4 28. f4 Ke7 29. Kf2 Ke6 30. Rxd4 Rxb3 31. Rd8 Rb4 32. Kf3 Rxa4 33. c5 Kf5
34. Rd7 Rxf4+ 35. Ke3 Kxe5 36. Rxc7 Rb4 37. Rxf7 Rb3+ 38. Kf2 g5 39. Rg7 Kf6 40.
Rc7 a4 41. c6 bxc6 42. Rxc6+ Kf5 43. Rc5+ Kf4 44. Rc4+ Kf5 45. Rxa4 Rb2+ 46. Kf3 1/2-1/2

[Event "1st Abu Dhabi Super Blitz"]
[Site "chess.com INT"]
[Date "2020.04.15"]
[Round "5"]
[White "Naroditsky, Daniel"]
[Black "Grandelius, Nils"]
[Result "0-1"]
[WhiteTitle "GM"]
[BlackTitle "GM"]
[WhiteElo "2621"]
[BlackElo "2651"]
[WhiteFideId "2026961"]
[BlackFideId "1710400"]
[EventDate "2020.04.15"]
[EventType "blitz"]

1. e4 c5 2. Nf3 d6 3. Bb5+ Nd7 4. d4 cxd4 5. Qxd4 a6 6. Bxd7+ Qxd7 7. Nc3 e5 8.
Qd3 Qc6 9. O-O Be6 10. Nd5 Rc8 11. Be3 Nf6 12. Nxf6+ gxf6 13. Rfc1 Bc4 14. Qd1
Qxe4 15. Nd2 Qc6 16. Nxc4 Qxc4 17. b3 Qc6 18. c4 f5 19. Qh5 Qe4 20. Re1 Qg4 21.
Qxg4 fxg4 22. Rad1 f6 23. Rd5 Kf7 24. a4 h5 25. Kf1 Be7 26. Ke2 h4 27. Bd2 g3
28. fxg3 hxg3 29. hxg3 Rcg8 30. Rd3 e4 31. Re3 f5 32. Rf1 Ke6 33. Bc3 Rh2 34.
Kf2 Bd8 35. a5 Rh6 36. Kg1 Rhg6 37. Kf2 Bg5 38. Re2 Be7 39. Re3 d5 40. cxd5+
Kxd5 41. Rd1+ Ke6 42. Bd4 Bd6 43. Ke2 Rxg3 44. Rxg3 Rxg3 45. Kf1 Rxb3 46. Bf2
Bb4 47. Bb6 Ra3 48. Rb1 Bxa5 49. Bc5 Rc3 50. Bd4 Rd3 51. Bf2 b5 52. Ke2 Rd2+ 53.
Kf1 Ra2 54. g3 Bc3 55. Rc1 b4 56. Bc5 a5 57. Rd1 Ra1 58. Rxa1 Bxa1 59. Bd4 Bxd4 0-1

[Event "1st Abu Dhabi Super Blitz"]
[Site "chess.com INT"]
[Date "2020.04.15"]
[Round "5"]
[White "Le, Tuan Minh"]
[Black "Nestorovic, Nikola"]
[Result "1/2-1/2"]
[WhiteTitle "IM"]
[BlackTitle "GM"]
[WhiteElo "2501"]
[BlackElo "2470"]
[WhiteFideId "12401153"]
[BlackFideId "934526"]
[EventDate "2020.04.15"]
[EventType "blitz"]

1. d4 Nf6 2. Nf3 e6 3. Bf4 d5 4. e3 Bd6 5. Bg3 b6 6. Bd3 Bb7 7. O-O c5 8. c3 O-O
9. Nbd2 Qc7 10. a4 a6 11. Re1 Nbd7 12. Bxd6 Qxd6 13. e4 dxe4 14. Nxe4 Nxe4 15.
Bxe4 Bxe4 16. Rxe4 Nf6 17. Re2 cxd4 18. Qxd4 Qc7 19. h3 Rfd8 20. Qb4 h6 21. Ree1
Nd5 22. Qe4 Nf6 23. Qe2 Qc5 24. Red1 a5 25. Rd4 Rd5 26. Rad1 Rad8 27. Qe3 Qc6
28. R1d2 R8d6 29. Ne5 Qc7 30. Nf3 Qc6 31. Qe2 Qc7 32. Rxd5 Nxd5 33. Qe5 Rd7 34.
Rd4 Qc8 35. Qe2 Nf6 36. Qd1 Nd5 37. Ne5 Rc7 38. c4 f6 39. Nf3 Rxc4 40. Kh2 Rxd4
41. Nxd4 Qc7+ 42. g3 Qe5 43. b3 h5 44. Nf3 Qf5 45. Kg2 g5 46. Nd4 Qe4+ 47. Kg1
g4 48. hxg4 hxg4 49. Nb5 f5 50. Nd6 Qe5 51. Nc4 Qe4 52. Qc1 f4 53. Qd1 fxg3 54.
fxg3 e5 55. Qc1 Qd4+ 56. Kh1 Qe4+ 57. Kg1 Qd4+ 58. Kg2 Qe4+ 59. Kf2 Qd4+ 60. Kf1
Qd3+ 61. Kg2 Qf3+ 62. Kh2 Qf2+ 63. Kh1 Qf3+ 64. Kh2 Qf2+ 65. Kh1 Qf3+ 66. Kh2 1/2-1/2

[Event "1st Abu Dhabi Super Blitz"]
[Site "chess.com INT"]
[Date "2020.04.15"]
[Round "5"]
[White "Chigaev, Maksim"]
[Black "Cornette, Matthieu"]
[Result "0-1"]
[WhiteTitle "GM"]
[BlackTitle "GM"]
[WhiteElo "2588"]
[BlackElo "2558"]
[WhiteFideId "4108116"]
[BlackFideId "620084"]
[EventDate "2020.04.15"]
[EventType "blitz"]

1. e4 d6 2. d4 Nf6 3. f3 e5 4. dxe5 dxe5 5. Qxd8+ Kxd8 6. Bc4 Ke8 7. Be3 Bd6 8.
Ne2 a6 9. a4 Nbd7 10. c3 h5 11. h4 g6 12. Nd2 Kf8 13. a5 Bc5 14. Kf2 Kg7 15. b4
Bxe3+ 16. Kxe3 Ne8 17. Nc1 Nd6 18. Nd3 Nxc4+ 19. Nxc4 Re8 20. Rhd1 f6 21. Nd2
Nf8 22. Nb3 b6 23. Ra3 Be6 24. Rda1 Bc4 25. axb6 cxb6 26. Nd2 Bxd3 27. Kxd3 Ne6
28. Rxa6 Nf4+ 29. Kc2 Rxa6 30. Rxa6 Nxg2 31. Rxb6 Nxh4 32. c4 Ng2 33. Nf1 h4 34.
c5 h3 35. Nh2 Rd8 36. Rb7+ Kh6 37. c6 Ne1+ 38. Kb3 Rd3+ 39. Ka4 Rd2 40. c7 Rc2
41. Kb3 Kg5 42. b5 Kf4 43. b6 Kg3 44. Rb8 Kxh2 45. c8=Q Rxc8 46. Rxc8 Kg3 47. b7
h2 48. Rh8 Nxf3 49. b8=Q Nh4 50. Qb4 h1=Q 51. Qc3+ Qf3 52. Qxf3+ Nxf3 53. Kc4
Kf4 54. Kd5 f5 55. Rf8 Ng5 56. exf5 gxf5 57. Rh8 e4 58. Rh4+ Kg3 59. Rh5 Kg4 60.
Rh1 Nf3 61. Rh8 e3 62. Re8 f4 63. Kc4 Nd2+ 64. Kd3 Kf3 65. Re7 Nf1 66. Rh7 Ng3
67. Rh2 e2 68. Kd2 Kg4 69. Rf2 f3 70. Ke1 Kf4 71. Rh2 Ke3 72. Rf2 Kf4 73. Rg2
fxg2 0-1

[Event "1st Abu Dhabi Super Blitz"]
[Site "chess.com INT"]
[Date "2020.04.15"]
[Round "5"]
[White "Kashlinskaya, Alina"]
[Black "Ozen, Bahadir"]
[Result "0-1"]
[WhiteTitle "IM"]
[BlackTitle "IM"]
[WhiteElo "2494"]
[BlackElo "2369"]
[WhiteFideId "4198026"]
[BlackFideId "6337058"]
[EventDate "2020.04.15"]
[EventType "blitz"]

1. d4 d5 2. c4 e6 3. Nc3 Be7 4. cxd5 exd5 5. Bf4 Nf6 6. e3 O-O 7. Bd3 c5 8. dxc5
Nc6 9. Nf3 Bxc5 10. O-O d4 11. exd4 Nxd4 12. Na4 Nxf3+ 13. Qxf3 Be7 14. Rad1 Qa5
15. Nc3 Bg4 16. Qxb7 Bxd1 17. Rxd1 Bc5 18. Qf3 Rad8 19. Bg5 Bxf2+ 20. Qxf2 Qxg5
21. Qxa7 Rfe8 22. h3 g6 23. Qf2 Kg7 24. a4 Qe5 25. Bc2 Rxd1+ 26. Nxd1 Nd5 27.
Bb3 Nf4 28. Nc3 Re7 29. Bc4 g5 30. Qd2 Rc7 31. b3 Rc6 32. Nb5 h5 33. Qd4 Kf6 34.
a5 h4 35. Kf2 Qxd4+ 36. Nxd4 Rd6 37. Nb5 Rd2+ 38. Ke3 Ra2 39. b4 Rb2 40. a6 Rxb4
41. a7 Ra4 42. Bb3 Ra5 43. Bd1 Ke5 44. Bf3 Nd5+ 45. Kd3 Nc7 46. Nxc7 Rxa7 47.
Nb5 Ra5 48. Nc3 Ra3 49. Kc4 f5 50. Ne2 Ra2 51. Kd3 Ra7 52. Ke3 Ra3+ 53. Kf2 Ra4
54. Nc3 Rc4 55. Ne2 g4 56. hxg4 fxg4 57. Ba8 Rb4 58. Ng1 Ra4 59. Bb7 Ra2+ 60.
Ne2 Rb2 61. Ba8 Ra2 62. Bb7 Rc2 63. Ba8 Rd2 64. Bb7 Ra2 65. Bc6 Kf5 66. Bd7+ Kg5
67. Be6 Ra3 68. Bc8 Ra7 69. Be6 Re7 70. Bc8 Re8 71. Bd7 Rf8+ 72. Ke3 Rf7 73. Bc8
Re7+ 74. Kf2 Rc7 75. Be6 Rc6 76. Bd7 Rf6+ 0-1

[Event "1st Abu Dhabi Super Blitz"]
[Site "chess.com INT"]
[Date "2020.04.15"]
[Round "5"]
[White "Yilmaz, Mustafa"]
[Black "Fedoseev, Vladimir3"]
[Result "1/2-1/2"]
[WhiteTitle "GM"]
[BlackTitle "GM"]
[WhiteElo "2630"]
[BlackElo "2678"]
[WhiteFideId "6302718"]
[BlackFideId "24130737"]
[EventDate "2020.04.15"]
[EventType "blitz"]

1. d4 Nf6 2. c4 e6 3. Nf3 b6 4. g3 Ba6 5. b3 d5 6. cxd5 exd5 7. Bg2 Bb4+ 8. Bd2
Be7 9. O-O O-O 10. Nc3 Nbd7 11. Qc2 Rc8 12. Rfd1 Re8 13. e3 Bf8 14. Bh3 c5 15.
Qb2 Rc7 16. Bg2 Qb8 17. Be1 c4 18. bxc4 dxc4 19. a4 Bb7 20. Rac1 a6 21. d5 Rc5
22. Nh4 Ba8 23. e4 Ne5 24. Rb1 b5 25. axb5 axb5 26. Bf1 g6 27. f4 Nd3 28. Bxd3
cxd3 29. Bf2 Rc4 30. Qxb5 Qxb5 31. Nxb5 Nxe4 32. Rxd3 Nxf2 33. Kxf2 Rc2+ 34. Kf3
Rd8 35. Rbd1 Bg7 36. Ng2 Rc5 37. Na3 Rcxd5 38. Rxd5 Rxd5 39. Rxd5 Bxd5+ 40. Kf2
Bd4+ 41. Ne3 f5 42. Nc2 Bc5 43. Ne1 Kf7 44. Nd3 Ba7 45. Ne5+ Ke6 46. Ke2 Bb7 47.
Nf3 h6 48. Nh4 Kf6 49. Nf3 Bc5 50. Ne5 Bd4 51. Nf3 Ba6+ 52. Kf2 Ba7 53. Ne5 g5
54. Kf3 Bb7+ 55. Ke2 g4 56. Nd7+ Ke6 57. Ne5 h5 58. Nd3 Bd4 59. Ne1 Ba6+ 60. Kf2
Bb6 61. Nc2 Bd3 62. Ne1 Bb5 63. Ng2 Bd3 64. Nh4 Be4 65. Ke2 Bd8 66. Ng6 Bf6 67.
Nd1 Kf7 68. Nh4 Bxh4 69. gxh4 Bf3+ 70. Ke1 Bxd1 71. Kxd1 Ke6 72. Ke2 Kd6 73. Kd2
Kc6 74. Kc2 Kb6 75. Kd2 Kb5 76. Kd3 Kc5 77. Kc3 Kd5 78. Kd3 Kc5 79. Kc3 Kd5 80.
Kd3 Kc5 1/2-1/2

[Event "1st Abu Dhabi Super Blitz"]
[Site "chess.com INT"]
[Date "2020.04.15"]
[Round "5"]
[White "Meier, Georg"]
[Black "Sanal, Vahap"]
[Result "1/2-1/2"]
[WhiteTitle "GM"]
[BlackTitle "GM"]
[WhiteElo "2621"]
[BlackElo "2581"]
[WhiteFideId "4675789"]
[BlackFideId "6300545"]
[EventDate "2020.04.15"]
[EventType "blitz"]

1. Nf3 Nf6 2. g3 g6 3. Bg2 Bg7 4. d4 O-O 5. O-O d6 6. b3 Nbd7 7. Bb2 c6 8. Nbd2
a5 9. a4 Qc7 10. e4 e5 11. dxe5 Nxe5 12. Nxe5 dxe5 13. Nc4 Re8 14. Qd6 Qxd6 15.
Nxd6 Re7 16. Rad1 b6 17. Nxc8 Rxc8 18. Rd6 Ne8 19. Rd3 Nc7 20. Rfd1 Ne6 21. Bh3
Rce8 22. Bxe6 Rxe6 23. Rd7 Bf8 24. Kg2 h5 25. Rb7 c5 26. Rdd7 R8e7 27. Bc1 Rxd7
28. Rxd7 c4 29. Be3 Rc6 30. Rd5 cxb3 31. cxb3 Rc3 32. Rb5 Bc5 33. Bxc5 bxc5 34.
Rxa5 Rxb3 35. Rxc5 Rb4 36. Rxe5 Rxa4 37. h3 Kg7 38. Re8 Ra3 39. g4 hxg4 40. hxg4
Rb3 41. g5 Rb5 42. f4 Rb3 43. Kf2 Ra3 44. Rd8 Rb3 45. Ke2 Ra3 46. Rd3 Ra2+ 47.
Ke3 Ra4 48. Rd4 Ra3+ 49. Rd3 Ra4 50. Rc3 Rb4 51. Kf3 Ra4 52. Rc7 Ra3+ 53. Kg4
Ra4 54. Re7 Kf8 55. Re5 Rb4 56. Kf3 Rb3+ 57. Ke2 Rb4 58. Ke3 Rb3+ 59. Kd4 Rf3
60. f5 gxf5 61. exf5 Kg7 62. Ke4 Rf1 63. Rd5 Re1+ 64. Kf4 Rf1+ 65. Kg4 Rg1+ 66.
Kf4 Rf1+ 67. Ke5 Re1+ 68. Kd6 Re2 69. Kd7 Re1 70. Kd8 Re2 71. Rc5 Rg2 72. f6+
Kg6 73. Ke7 Re2+ 74. Kf8 Rh2 75. Ke8 Ra2 76. Rc8 Re2+ 77. Kf8 Rh2 78. Rc7 Rh8+
79. Ke7 Kxg5 80. Rc1 Ra8 81. Rg1+ Kf5 82. Rf1+ Kg5 83. Rg1+ Kh6 84. Kxf7 Ra7+
85. Ke6 Ra6+ 86. Ke5 Ra5+ 87. Kd4 Rf5 88. f7 Kh7 89. Ke4 Rf6 90. Ke5 Rxf7 91.
Ke6 Rf2 92. Rh1+ Kg6 93. Rg1+ Kh5 94. Ke5 Kh4 95. Ke4 Rf8 96. Rg6 Kh5 97. Re6
Rf7 98. Re5+ Kg4 99. Rd5 Rf1 100. Kd4 Kf4 101. Kc5 Rc1+ 102. Kd6 Ke4 103. Re5+
Kf4 104. Rd5 Ra1 105. Rc5 Ke4 106. Re5+ Kd4 107. Rd5+ Kc4 108. Rc5+ Kb4 109. Rc6
Re1 110. Kc7 Kb5 111. Rb6+ Kc5 112. Rc6+ Kb5 113. Rb6+ Ka5 114. Rc6 Rh1 115. Kd6
Kb5 116. Rc5+ Kb4 117. Rc6 Rh5 118. Kc7 Kb5 119. Rb6+ Ka5 120. Rc6 Rg5 121. Kd6
Kb5 122. Rc1 Rg6+ 123. Kd5 Rg5+ 124. Kd4 Rg2 125. Rb1+ Kc6 126. Rc1+ Kd6 127.
Rf1 Rg4+ 128. Ke3 Ke5 129. Kd3 Rg3+ 130. Kc4 Rg8 131. Re1+ Kd6 132. Rd1+ Kc6
133. Rd4 Rg6 134. Kd3 1/2-1/2

[Event "1st Abu Dhabi Super Blitz"]
[Site "chess.com INT"]
[Date "2020.04.15"]
[Round "6"]
[White "Avalyan, Artur"]
[Black "Gadimbayli, Abdulla"]
[Result "1/2-1/2"]
[WhiteTitle "FM"]
[BlackTitle "IM"]
[WhiteElo "2342"]
[BlackElo "2470"]
[WhiteFideId "34164550"]
[BlackFideId "13404938"]
[EventDate "2020.04.15"]
[EventType "blitz"]

1. d4 d5 2. c4 e5 3. dxe5 d4 4. Nf3 Nc6 5. a3 Nge7 6. e3 Bg4 7. Be2 dxe3 8.
Qxd8+ Rxd8 9. Bxe3 Bxf3 10. Bxf3 Nxe5 11. Nd2 Nxf3+ 12. Nxf3 Nf5 13. Ke2 Nxe3
14. fxe3 1/2-1/2

[Event "1st Abu Dhabi Super Blitz"]
[Site "chess.com INT"]
[Date "2020.04.15"]
[Round "6"]
[White "Alekseenko, Kirill"]
[Black "Grandelius, Nils"]
[Result "1-0"]
[WhiteTitle "GM"]
[BlackTitle "GM"]
[WhiteElo "2696"]
[BlackElo "2651"]
[WhiteFideId "4135539"]
[BlackFideId "1710400"]
[EventDate "2020.04.15"]
[EventType "blitz"]

1. e4 c5 2. Nf3 d6 3. d4 cxd4 4. Nxd4 Nf6 5. Nc3 a6 6. Nb3 e6 7. a4 b6 8. f3 Be7
9. Bf4 e5 10. Be3 Be6 11. Nd5 Bxd5 12. exd5 O-O 13. Bd3 Nbd7 14. O-O Nc5 15.
Nxc5 bxc5 16. a5 Nd7 17. c3 f5 18. b4 Qc7 19. Qe2 cxb4 20. cxb4 Qb7 21. b5 axb5
22. Bxb5 Nb8 23. a6 Qc8 24. Rfc1 Qd8 25. a7 Nd7 26. Bc6 Nc5 27. Bxc5 dxc5 28.
Bxa8 Qxa8 29. Qxe5 1-0

[Event "1st Abu Dhabi Super Blitz"]
[Site "chess.com INT"]
[Date "2020.04.15"]
[Round "6"]
[White "Klekowski, Maciej"]
[Black "Kamsky, Gata"]
[Result "1-0"]
[WhiteTitle "GM"]
[BlackTitle "GM"]
[WhiteElo "2506"]
[BlackElo "2674"]
[WhiteFideId "1132717"]
[BlackFideId "2000024"]
[EventDate "2020.04.15"]
[EventType "blitz"]

1. e4 g6 2. d4 Bg7 3. Nc3 b6 4. Bc4 Bb7 5. Nf3 e6 6. h4 h6 7. Be3 d6 8. Qe2 a6
9. a3 Nd7 10. O-O-O Ne7 11. Ba2 b5 12. g4 Nb6 13. h5 g5 14. Nxg5 hxg5 15. Bxg5
Rg8 16. h6 Bh8 17. f4 Qd7 18. h7 Rg6 19. Rh5 O-O-O 20. Bh4 Re8 21. f5 exf5 22.
Bxf7 Rg7 23. Bxe8 Qxe8 24. exf5 Rf7 25. f6 Kd7 26. Re1 1-0

[Event "1st Abu Dhabi Super Blitz"]
[Site "chess.com INT"]
[Date "2020.04.15"]
[Round "6"]
[White "Sevian, Samuel"]
[Black "Bartel, Mateusz"]
[Result "1-0"]
[WhiteTitle "GM"]
[BlackTitle "GM"]
[WhiteElo "2660"]
[BlackElo "2648"]
[WhiteFideId "2040506"]
[BlackFideId "1112635"]
[EventDate "2020.04.15"]
[EventType "blitz"]

1. d4 d5 2. Nf3 c6 3. Bf4 g6 4. e3 Bg7 5. c4 Nf6 6. Nc3 O-O 7. Be2 dxc4 8. Bxc4
b5 9. Bb3 Bb7 10. O-O Nbd7 11. Rc1 Nh5 12. Bg5 h6 13. Bh4 g5 14. Bg3 Nxg3 15.
hxg3 e6 16. Ne4 Qe7 17. Ne1 e5 18. d5 cxd5 19. Rc7 Rad8 20. Bxd5 Bxd5 21. Qxd5
Nb6 22. Rxe7 Nxd5 23. Rxa7 f5 24. Nc5 Rf7 25. Ra5 Rb8 26. Nf3 e4 27. Nd4 Bxd4
28. exd4 Re7 29. Ra6 Kg7 30. Rd6 Nf6 31. Re1 Kf7 32. f3 exf3 33. Rxe7+ Kxe7 34.
Re6+ Kf7 35. Rxf6+ 1-0

[Event "1st Abu Dhabi Super Blitz"]
[Site "chess.com INT"]
[Date "2020.04.15"]
[Round "6"]
[White "Gajewski, Grzegorz"]
[Black "Sasikiran, Krishnan"]
[Result "0-1"]
[WhiteTitle "GM"]
[BlackTitle "GM"]
[WhiteElo "2618"]
[BlackElo "2647"]
[WhiteFideId "1116207"]
[BlackFideId "5004985"]
[EventDate "2020.04.15"]
[EventType "blitz"]

1. d4 Nf6 2. Nf3 d5 3. g3 Bf5 4. Bg2 e6 5. O-O h6 6. c4 c6 7. Nc3 Nbd7 8. Qb3
Qb6 9. c5 Qc7 10. Bf4 Qc8 11. Qd1 Be7 12. b4 O-O 13. a4 Bd8 14. b5 Bc7 15. Qb3
Re8 16. e3 e5 17. Nxe5 Nxe5 18. Bxe5 Bxe5 19. dxe5 Rxe5 20. Rac1 Qc7 21. Ne2 h5
22. Nd4 Bh7 23. a5 Rb8 24. b6 axb6 25. cxb6 Qd6 26. a6 c5 27. a7 Ra8 28. Bh3
Ree8 29. Qb5 cxd4 30. Qxe8+ Nxe8 31. Rc8 Qd8 32. Rxd8 Rxd8 33. exd4 Nd6 34. Rc1
Nc4 35. Rxc4 dxc4 36. Bg2 c3 0-1

[Event "1st Abu Dhabi Super Blitz"]
[Site "chess.com INT"]
[Date "2020.04.15"]
[Round "6"]
[White "Roberson, Peter T"]
[Black "Adhiban, Baskaran"]
[Result "0-1"]
[WhiteTitle "IM"]
[BlackTitle "GM"]
[WhiteElo "2437"]
[BlackElo "2659"]
[WhiteFideId "412384"]
[BlackFideId "5018471"]
[EventDate "2020.04.15"]
[EventType "blitz"]

1. e4 e5 2. Nf3 Nc6 3. Bb5 a6 4. Ba4 Nf6 5. O-O Bc5 6. c3 b5 7. Bb3 d6 8. d4 Bb6
9. a4 Bg4 10. d5 Ne7 11. h3 Bd7 12. axb5 axb5 13. Rxa8 Qxa8 14. Re1 O-O 15. Be3
Bxe3 16. Rxe3 Qa1 17. Qc2 Ng6 18. Kh2 Nf4 19. Nbd2 h6 20. Nh4 Ra8 21. Nf5 Bxf5
22. exf5 N4xd5 23. Rg3 Nf4 24. Ne4 N4h5 25. Nxf6+ Nxf6 26. Qe2 c6 27. Rg6 Kf8
28. Rxf6 gxf6 29. Qd2 Ke7 30. Qxh6 Rf8 31. Qd2 Qa7 32. Bd1 d5 33. Bh5 Rh8 34. g4
Qa4 35. Kg2 Qe4+ 36. Kg1 Ra8 37. Qd1 Ra2 38. Qc1 Qe2 0-1

[Event "1st Abu Dhabi Super Blitz"]
[Site "chess.com INT"]
[Date "2020.04.15"]
[Round "6"]
[White "Bordi, Kevin"]
[Black "Paravyan, David"]
[Result "0-1"]
[BlackTitle "GM"]
[WhiteElo "2288"]
[BlackElo "2653"]
[WhiteFideId "621862"]
[BlackFideId "4194985"]
[EventDate "2020.04.15"]
[EventType "blitz"]

1. d4 Nf6 2. Bg5 c5 3. Bxf6 exf6 4. e3 Qb6 5. b3 cxd4 6. exd4 d5 7. Nf3 Nc6 8.
c3 Bd6 9. Bd3 O-O 10. O-O Bg4 11. Nbd2 Rfe8 12. h3 Bh5 13. Qc2 Bg6 14. Bxg6 hxg6
15. Rfe1 Qa5 16. Qd3 f5 17. a4 a6 18. b4 Qc7 19. a5 Re4 20. Qf1 Na7 21. Rac1 Bf4
22. g3 Bh6 23. Nxe4 fxe4 24. Ne5 Bxc1 25. Rxc1 Nb5 26. Qe2 Nxd4 27. cxd4 Qxc1+
28. Kg2 Qc3 29. Qg4 Qxd4 30. Qf4 Rf8 31. h4 Qxb4 32. h5 gxh5 33. Nd7 Re8 34. Qg5
Qe7 35. Qf5 Qe6 0-1

[Event "1st Abu Dhabi Super Blitz"]
[Site "chess.com INT"]
[Date "2020.04.15"]
[Round "6"]
[White "Akobian, Varuzhan"]
[Black "Sarana, Alexey"]
[Result "0-1"]
[WhiteTitle "GM"]
[BlackTitle "GM"]
[WhiteElo "2614"]
[BlackElo "2654"]
[WhiteFideId "13300580"]
[BlackFideId "24133795"]
[EventDate "2020.04.15"]
[EventType "blitz"]

1. d4 Nf6 2. c4 e6 3. Nf3 d5 4. Nc3 dxc4 5. Bg5 a6 6. e3 b5 7. a4 c6 8. Ne5 Bb7
9. Be2 Nbd7 10. Qc2 Be7 11. O-O O-O 12. Bf3 Nxe5 13. dxe5 Nd5 14. Bxe7 Qxe7 15.
Ne4 Nb4 16. Qc3 c5 17. Nd6 Bxf3 18. gxf3 Qg5+ 19. Kh1 Nd3 20. f4 Qh5 21. f3 Rab8
22. axb5 axb5 23. b3 Qh3 24. bxc4 bxc4 25. Nxc4 Nb4 26. Rf2 Nd5 27. Qd3 Rb4 28.
Nd6 Rfb8 29. f5 c4 30. Qc2 Nxe3 0-1

[Event "1st Abu Dhabi Super Blitz"]
[Site "chess.com INT"]
[Date "2020.04.15"]
[Round "6"]
[White "Sargsyan, Shant"]
[Black "Pichot, Alan"]
[Result "0-1"]
[WhiteTitle "GM"]
[BlackTitle "GM"]
[WhiteElo "2594"]
[BlackElo "2630"]
[WhiteFideId "13306766"]
[BlackFideId "110973"]
[EventDate "2020.04.15"]
[EventType "blitz"]

1. d4 Nf6 2. c4 e6 3. Nf3 d5 4. Nc3 Bb4 5. cxd5 exd5 6. Bf4 O-O 7. e3 Bf5 8. Qb3
c5 9. dxc5 Qa5 10. Be2 Nbd7 11. O-O Nxc5 12. Qd1 Bxc3 13. bxc3 Nce4 14. c4 Nc3
15. Qe1 Nxe2+ 16. Qxe2 Qa6 17. Rfc1 Rac8 18. Nd2 Be6 19. Be5 Nd7 20. Bc3 dxc4
21. Ne4 Qc6 22. Ng5 Bf5 23. e4 Bg6 24. f3 Qc5+ 25. Qf2 Qxg5 26. f4 Qe7 27. f5
Bh5 28. g4 Bxg4 29. Qf4 Be2 30. Kf2 Bd3 31. e5 Qc5+ 32. Bd4 Qd5 33. Rg1 Bxf5 34.
e6 Bg6 35. exd7 Qxd7 36. h4 Rfd8 37. Rad1 c3 38. Bxg7 Qxd1 39. Rxd1 Rxd1 40. Bf6
Rd5 41. Kg3 Rf5 42. Qd4 Rxf6 43. Qxf6 c2 44. h5 c1=Q 45. h6 Qc3+ 0-1

[Event "1st Abu Dhabi Super Blitz"]
[Site "chess.com INT"]
[Date "2020.04.15"]
[Round "6"]
[White "Jones, Gawain C B"]
[Black "Vaishali, R"]
[Result "1-0"]
[WhiteTitle "GM"]
[BlackTitle "WGM"]
[WhiteElo "2670"]
[BlackElo "2393"]
[WhiteFideId "409561"]
[BlackFideId "5091756"]
[EventDate "2020.04.15"]
[EventType "blitz"]

1. e4 c5 2. Nc3 Nc6 3. Bb5 Nd4 4. Nf3 e6 5. O-O a6 6. Bd3 Nc6 7. a3 Nf6 8. e5
Ng4 9. Re1 d6 10. exd6 Bxd6 11. Be4 Bd7 12. d3 Nge5 13. Nxe5 Nxe5 14. Bxb7 Rb8
15. Ne4 Be7 16. Bxa6 Bc6 17. Bf4 Ra8 18. Bxe5 Rxa6 19. Bxg7 Rg8 20. Bc3 Qd5 21.
Re3 f5 22. Qh5+ Kd7 23. Nf6+ Bxf6 24. Qf7+ Be7 25. Qxg8 Ra8 26. Qg7 Rf8 27. f3
f4 28. Re4 Rf5 29. Rae1 c4 30. Bb4 cxd3 31. Qxe7+ Kc8 32. Qxe6+ Qxe6 33. Rxe6
Bd7 34. cxd3 1-0

[Event "1st Abu Dhabi Super Blitz"]
[Site "chess.com INT"]
[Date "2020.04.15"]
[Round "6"]
[White "Artemiev, Vladislav"]
[Black "Abdusattorov, Nodirbek"]
[Result "1-0"]
[WhiteTitle "GM"]
[BlackTitle "GM"]
[WhiteElo "2716"]
[BlackElo "2627"]
[WhiteFideId "24101605"]
[BlackFideId "14204118"]
[EventDate "2020.04.15"]
[EventType "blitz"]

1. c4 e6 2. Nc3 d5 3. d4 c5 4. e3 Nc6 5. Nf3 Nf6 6. cxd5 exd5 7. Bb5 Bd7 8. O-O
cxd4 9. exd4 Be7 10. Bg5 a6 11. Bxc6 Bxc6 12. Ne5 O-O 13. Re1 Rc8 14. Qf3 Re8
15. Re3 h6 16. Bh4 Bb4 17. Ng4 Rxe3 18. fxe3 Be7 19. Bxf6 Bxf6 20. Rf1 Bg5 21.
Qxf7+ Kh8 22. Rf3 Qd6 23. Ne5 Bf6 24. Ng6+ Kh7 25. Nf4 Kh8 26. Qh5 Bg5 27. Ng6+
Kh7 28. Ne5 Rf8 29. Nf7 Bxe3+ 30. Rxe3 Qf6 31. Rf3 Qxd4+ 32. Kh1 Re8 33. Ng5+
Kh8 34. Qxe8+ Bxe8 35. Rf8# 1-0